LEADER 00777nam0-22002771i-450- 001 990006193270403321 005 19980601 035 $a000619327 035 $aFED01000619327 035 $a(Aleph)000619327FED01 035 $a000619327 100 $a19980601d1981----km-y0itay50------ba 105 $a--------00-yy 200 1 $aIntroduzione allo studio del diritto inglese$ele fonti$fGiovanni Criscuoli. 210 $aMilano$cGiuffre'$d1981 215 $a593 p.$d24 cm 676 $a349.42 700 1$aCriscuoli,$bGiovanni$0112868 801 0$aIT$bUNINA$gRICA$2UNIMARC 901 $aBK 912 $a990006193270403321 952 $aI D 574$b26362*$fFGBC 959 $aFGBC 996 $aIntroduzione allo studio del diritto inglese$964396 997 $aUNINA DB $aGIU01 LEADER 01080nam0-22003491i-450- 001 990003984300403321 005 20050221095521.0 010 $a88-464-2696-7 035 $a000398430 035 $aFED01000398430 035 $a(Aleph)000398430FED01 035 $a000398430 100 $a20031203d2001----km-y0itay50------ba 101 0 $aita 102 $aIT 105 $aa---a---001yy 200 1 $aTurismo e culture del territorio I$estrumenti per la valorizzazione: i musei etnografici e la promozione di grandi eventi$fAndrea Macchiavelli$gRoberta Geribaldi 210 $aMilano$cFranco Angeli$d2001 215 $a124 p.$d23 cm 225 1 $aQuaderni di viaggi e turismo del CeSTIT 610 0 $aEventi culturali 610 0 $aTurismo 676 $a046.002 700 1$aMacchiavelli,$bAndrea$0150356 701 1$aGaribaldi,$bRoberta$0145719 801 0$aIT$bUNINA$gRICA$2UNIMARC 901 $aBK 912 $a990003984300403321 952 $a046.002.MAC.02$b5252$fDECGE 959 $aDECGE 996 $aTurismo e culture del territorio I$9474205 997 $aUNINA